Ochrana a rozvoj slovenských liečebných kúpeľov

Podnikateľské činnosti slovenských liečebných kúpeľov podmienené reformou zdravotníctva a ďalšími faktormi. Ochrana liečebných kúpeľov ako súčasť štátnej zdravotnej politiky. Silnejúci komerčný tlak v kúpeľnej starostlivosti. Ochrana prírodných liečivých zdrojov a zdrojov prírodných minerálnych vôd...

ver descrição completa

Na minha lista:
Detalhes bibliográficos
Autor principal: Eliašová, Darina
Formato: Capítulo de Livro
Idioma:eslovaco
Assuntos:
Tags: Adicionar Tag
Sem tags, seja o primeiro a adicionar uma tag!

MARC

LEADER 00000naa$a2200000$$$4500
001 0028122
005 20240502071429.7
041 0 |a slo 
044 |a SK 
245 1 0 |a Ochrana a rozvoj slovenských liečebných kúpeľov  |c Darina Eliašová 
520 |a Podnikateľské činnosti slovenských liečebných kúpeľov podmienené reformou zdravotníctva a ďalšími faktormi. Ochrana liečebných kúpeľov ako súčasť štátnej zdravotnej politiky. Silnejúci komerčný tlak v kúpeľnej starostlivosti. Ochrana prírodných liečivých zdrojov a zdrojov prírodných minerálnych vôd. Pôsobnosť inšpektorátu kúpeľov a ústredných orgánov štátnej správy pri ochrane liečebných kúpeľov.Vplyv zdravotných poisťovní na ekonomiku a rozvoj kúpeľov. Financovanie liečebných pobytov. 
610 2 0 |a zdravotníctvo 
610 2 0 |a reformy 
610 2 0 |a rozpočet štátny 
610 2 0 |a podnikanie 
610 2 0 |a poistenie zdravotné 
610 2 0 |a kúpeľníctvo 
610 2 0 |a kúpele 
610 2 0 |a Slovensko 
100 1 |a Eliašová, Darina